Statistics for Guess the Flags of World

Click here to take the quiz!

General Stats

  • This quiz has been taken 8 times
  • The average score is 15 of 16

Answer Stats

Answer% Correct
Argentina
100%
Brazil
100%
Canada
100%
China
100%
France
100%
Germany
100%
Greece
100%
Jamaica
100%
Norway
100%
Russia
100%
Serbia
100%
Ukraine
100%
Monaco
75%
Niger
75%
San Marino
75%
Bolivia
63%

Score Distribution

Percentile by Number Answered

Percent of People with Each Score

Your Score History

You have not taken this quiz